header

Social work research (Record no. 72956)

MARC details
000 -LEADER
fixed length control field 01266nam a2200337 a 4500
082 04 - DEWEY DECIMAL CLASSIFICATION NUMBER
Classification number 361.3072
100 1# - MAIN ENTRY--AUTHOR NAME
Personal name D'Cruz, Heather.
245 10 - TITLE STATEMENT
Title Social work research
260 ## - PUBLICATION, DISTRIBUTION, ETC. (IMPRINT)
Place of publication London ;
-- Thousand Oaks, Calif. :
Name of publisher SAGE,
Year of publication 2004.
300 ## - PHYSICAL DESCRIPTION
Number of Pages vii, 194 p.
650 #0 - SUBJECT ADDED ENTRY--TOPICAL TERM
Topical Term Social service
700 1# - ADDED ENTRY--PERSONAL NAME
Personal name Jones, Martyn.
856 40 - ELECTRONIC LOCATION AND ACCESS
Uniform Resource Identifier http://site.ebrary.com/lib/rucke/Doc?id=10076721

No items available.

© 2026 Rongo University
Contact us: librarian | system librarian | Rongo university